000 01278nam a22001577a 4500
999 _c517630
_d517630
008 210722b ||||| |||| 00| 0 eng d
100 _aGürkaynak R.S., Kisacikoglu, B. and Wright, J.H.
_927564
245 _aMissing events in event studies: Identifying the effects of partially measured news surprises
260 _aThe American Economic Review
300 _a110(12), Dec, 2020: p.3871-3912
520 _aMacroeconomic news announcements are elaborate and multi-dimensional. We consider a framework in which jumps in asset prices around announcements reflect both the response to observed surprises in headline numbers and to latent factors, reflecting other news in the release. Non-headline news, for which there are no expectations surveys, is unobservable to the econometrician but nonetheless elicits a market response. We estimate the model by the Kalman filter, which efficiently combines OLS and heteroskedasticity-based event study estimators in one step. With the inclusion of a single latent surprise factor, essentially all yield curve variance in event windows are explained by news. – Reproduced
650 _aInterest rates, Determination, Term structure
_927565
773 _aThe American Economic Review
906 _aMONETARY POLICY
942 _cAR